[Event "Budapest SixDays 08 GM-A"]
[Site "Budapest"]
[Date "2023.08.04"]
[Round "7"]
[White "Grabinsky, Aaron"]
[Black "Laddha, Shubh Jayesh"]
[Result "0-1"]
[WhiteElo "2409"]
[BlackElo "2397"]
[PlyCount "48"]
[EventDate "2023.07.31"]
[EventType "tourn"]
[EventRounds "9"]
[EventCountry "HUN"]
[EventCategory "6"]
[SourceTitle "CBM 215 Extra"]
[Source "ChessBase"]
[SourceDate "2023.09.30"]
[SourceVersion "1"]
[SourceVersionDate "2023.09.30"]
[SourceQuality "1"]

1. d4 d5 2. Nf3 Nf6 3. c3 e6 4. Bf4 c5 5. e3 Nc6 6. Nbd2 Bd6 7. Bg3 0-0 8. Bd3 b6 9. e4 Be7 10. e5 Nh5 11. Ng5 Bxg5 12. Qxh5 g6 13. Qe2 cxd4 14. h4 Be7 15. h5 dxc3 16. bxc3 d4 17. hxg6 hxg6 18. Qg4 Kg7 19. Bf4 Rh8 20. 0-0-0 dxc3 21. Rxh8 cxd2+ 22. Rxd2 Qxh8 23. Be4 Bb7 24. Rd7 Qc8 0-1

[Event "Budapest SixDays 08 GM-A"]
[Site "Budapest"]
[Date "2023.07.31"]
[Round "1"]
[White "Pham, Tran Gia Phuc"]
[Black "Grabinsky, Aaron"]
[Result "1-0"]
[WhiteElo "2314"]
[BlackElo "2409"]
[PlyCount "57"]
[EventDate "2023.07.31"]
[EventType "tourn"]
[EventRounds "9"]
[EventCountry "HUN"]
[EventCategory "6"]
[SourceTitle "CBM 215 Extra"]
[Source "ChessBase"]
[SourceDate "2023.09.30"]
[SourceVersion "1"]
[SourceVersionDate "2023.09.30"]
[SourceQuality "1"]

1. d4 d5 2. Bf4 c6 3. Nf3 Qb6 4. Qc1 Bg4 5. Ne5 Bf5 6. e3 f6 7. Nf3 g5 8. Bg3 Nh6 9. c4 e6 10. Nc3 Bg6 11. h4 g4 12. h5 Bf7 13. Nh4 Nd7 14. Bf4 a6 15. e4 Ng8 16. exd5 Qxd4 17. Be2 Ne5 18. 0-0 Nd3 19. Bxd3 Qxd3 20. dxe6 Bxe6 21. Re1 Kf7 22. Rxe6 Kxe6 23. Qe1+ Kf7 24. Rd1 Qxc4 25. Rd7+ Be7 26. Nf5 Qxf4 27. Nxe7 Kf8 28. Qe6 Qc1+ 29. Nd1 1-0

[Event "Pardubice Czech op-A 34th"]
[Site "Pardubice"]
[Date "2023.07.28"]
[Round "8"]
[White "Grabinsky, Aaron"]
[Black "Iniyan, Panneerseluam"]
[Result "1/2-1/2"]
[WhiteElo "2416"]
[BlackElo "2525"]
[PlyCount "120"]
[EventDate "2023.07.21"]
[EventType "swiss"]
[EventRounds "9"]
[EventCountry "CZE"]
[SourceTitle "CBM 215 Extra"]
[Source "ChessBase"]
[SourceDate "2023.09.30"]
[SourceVersion "1"]
[SourceVersionDate "2023.09.30"]
[SourceQuality "1"]

1. d4 Nf6 2. Nf3 d5 3. Bf4 c5 4. c3 Qb6 5. Qb3 c4 6. Qc2 Nc6 7. Nbd2 Bg4 8. b3 cxb3 9. axb3 Rc8 10. e3 e6 11. h3 Bf5 12. Qb2 h6 13. Be2 a5 14. 0-0 Be7 15. Qa2 0-0 16. Rfc1 Rfd8 17. Qa4 Ne8 18. c4 Bb4 19. Nb1 Bxb1 20. Raxb1 Nf6 21. Rc2 Ne4 22. Rbc1 Rf8 23. Bd3 f5 24. cxd5 exd5 25. Ne5 Nc3 26. Rxc3 Bxc3 27. Nd7 Qb4 28. Nxf8 Rxf8 29. Qb5 Qxb5 30. Bxb5 Bd2 31. Rc2 Nxd4 32. Rxd2 Nxb5 33. Rxd5 Nc3 34. Rxa5 b6 35. Re5 g5 36. Bg3 Ne4 37. Kh2 Nd2 38. Re6 Rc8 39. Be5 Nf1+ 40. Kg1 Rc1 41. f4 Nxe3+ 42. Kf2 Nd5 43. Rxh6 gxf4 44. Rd6 Rc2+ 45. Kf3 Rc5 46. Bd4 Rb5 47. Ke2 Kf7 48. Kd3 f3 49. gxf3 Rxb3+ 50. Kc4 Rxf3 51. Kxd5 Rxh3 52. Rd7+ Kg6 53. Ke6 Kg5 54. Bf6+ Kg4 55. Rg7+ Kf4 56. Bg5+ Ke4 57. Rc7 Rd3 58. Rc1 f4 59. Re1+ Re3 60. Rb1 f3 1/2-1/2

[Event "Pardubice rapid op 34th"]
[Site "Pardubice"]
[Date "2023.07.20"]
[Round "5"]
[White "Grabinsky, Aaron"]
[Black "Panjer, Sidney"]
[Result "1-0"]
[WhiteElo "2416"]
[BlackElo "2090"]
[PlyCount "60"]
[EventDate "2023.07.19"]
[EventType "swiss (rapid)"]
[EventRounds "9"]
[EventCountry "CZE"]
[SourceTitle "CBM 215 Extra"]
[Source "ChessBase"]
[SourceDate "2023.09.30"]
[SourceVersion "1"]
[SourceVersionDate "2023.09.30"]
[SourceQuality "1"]

1. e4 e5 2. Nf3 Nc6 3. Bb5 a6 4. Bxc6 dxc6 5. d3 Bd6 6. 0-0 Bg4 7. h3 Bh5 8. Re1 c5 9. c3 Ne7 10. Nbd2 Nc6 11. Nf1 Qd7 12. Ng3 Bxf3 13. Qxf3 0-0-0 14. Be3 Rhf8 15. a3 g6 16. Bh6 Rfe8 17. b4 Bf8 18. Bg5 Be7 19. Be3 Qxd3 20. Qxf7 Qxc3 21. bxc5 Nd4 22. Rac1 Qxa3 23. Bxd4 exd4 24. c6 d3 25. cxb7+ Kb8 26. Qc4 Rd7 27. Red1 d2 28. Rxd2 Bg5 29. Rdd1 Rxd1+ 30. Rxd1 Bd8 1-0

[Event "Pardubice rapid op 34th"]
[Site "Pardubice"]
[Date "2023.07.19"]
[Round "2"]
[White "Chayka, Vitaliy"]
[Black "Grabinsky, Aaron"]
[Result "0-1"]
[WhiteElo "2185"]
[BlackElo "2416"]
[PlyCount "78"]
[EventDate "2023.07.19"]
[EventType "swiss (rapid)"]
[EventRounds "9"]
[EventCountry "CZE"]
[SourceTitle "CBM 215 Extra"]
[Source "ChessBase"]
[SourceDate "2023.09.30"]
[SourceVersion "1"]
[SourceVersionDate "2023.09.30"]
[SourceQuality "1"]

1. d4 e6 2. Bf4 Nf6 3. e3 c5 4. c3 Be7 5. Nd2 0-0 6. Bd3 b6 7. h3 cxd4 8. cxd4 Bb7 9. Ngf3 d6 10. Qe2 Nd5 11. a3 Nxf4 12. exf4 g6 13. 0-0 a6 14. Rac1 Nd7 15. Rfe1 Re8 16. b4 Nf6 17. Nc4 Bf8 18. g3 Rc8 19. Ncd2 b5 20. Nb3 Bd5 21. Na5 Qb6 22. Qe3 Bxf3 23. Qxf3 Qxd4 24. Bf1 d5 25. Nc6 Qb6 26. Ne5 Bd6 27. Bd3 Rc7 28. Ng4 Nxg4 29. Qxg4 Qd4 30. Rxc7 Bxc7 31. Bf1 Bb6 32. Qf3 Rc8 33. Rd1 Rc3 34. Rd3 Rxd3 35. Bxd3 Qa1+ 36. Kg2 Qxa3 37. Qe2 Qxb4 38. h4 Qd4 39. Bb1 h5 0-1

[Event "Prague op"]
[Site "Prague"]
[Date "2023.06.28"]
[Round "7"]
[White "Grabinsky, Aaron"]
[Black "Antova, Gabriela"]
[Result "1/2-1/2"]
[WhiteElo "2407"]
[BlackElo "2259"]
[PlyCount "109"]
[EventDate "2023.06.22"]
[EventType "swiss"]
[EventRounds "9"]
[EventCountry "CZE"]
[SourceTitle "CBM 215 Extra"]
[Source "ChessBase"]
[SourceDate "2023.09.30"]
[SourceVersion "1"]
[SourceVersionDate "2023.09.30"]
[SourceQuality "1"]

1. e4 e5 2. Nf3 Nc6 3. Bb5 a6 4. Bxc6 dxc6 5. 0-0 f6 6. d4 exd4 7. Nxd4 c5 8. Ne2 Qxd1 9. Rxd1 Bd7 10. Nbc3 0-0-0 11. Be3 Re8 12. f3 b6 13. a4 Bc6 14. Kf2 Bd6 15. a5 b5 16. Bf4 Be5 17. Bxe5 fxe5 18. Nd5 Bxd5 19. Rxd5 c4 20. b3 Nf6 21. Rd2 Re6 22. bxc4 bxc4 23. Ra4 Rc6 24. Nc3 Rc5 25. Ke3 h5 26. Nd5 Re8 27. c3 Re6 28. g3 Ne8 29. f4 exf4+ 30. gxf4 Nd6 31. e5 g5 32. Kd4 gxf4 33. Rg2 Rb5 34. exd6 Rxd6 35. Rg5 c6 36. Rxh5 Rdxd5+ 37. Rxd5 Rxd5+ 38. Ke4 Rh5 39. Ra2 Rh4 40. Kf5 Kc7 41. Kg5 Rh3 42. Rc2 f3 43. Rf2 Kd6 44. Kg4 Rh8 45. h4 Ke5 46. Rxf3 Rg8+ 47. Kh5 Rh8+ 48. Kg4 Rg8+ 49. Kh3 Ke4 50. Rf6 Kd3 51. Rf3+ Ke4 52. Rg3 Rh8 53. Rg6 Kd3 54. Rxc6 Ra8 55. h5 1/2-1/2

[Event "Teplice op"]
[Site "Teplice"]
[Date "2023.06.17"]
[Round "8"]
[White "Grabinsky, Aaron"]
[Black "Vocaturo, Daniele"]
[Result "1-0"]
[WhiteElo "2407"]
[BlackElo "2618"]
[PlyCount "89"]
[EventDate "2023.06.10"]
[EventType "swiss"]
[EventRounds "9"]
[EventCountry "CZE"]
[SourceTitle "CBM 214 Extra"]
[Source "ChessBase"]
[SourceDate "2023.07.31"]
[SourceVersion "1"]
[SourceVersionDate "2023.07.31"]
[SourceQuality "1"]

1. e4 c5 2. Nf3 e6 3. g3 Nc6 4. Bg2 Nf6 5. Nc3 e5 6. 0-0 d6 7. d3 Be7 8. Nd2 Bg4 9. f3 Be6 10. Nc4 h5 11. f4 h4 12. f5 Bxc4 13. dxc4 hxg3 14. hxg3 Nh5 15. Qg4 Nd4 16. Rf2 Nf6 17. Qd1 Nh5 18. Qg4 Nf6 19. Qd1 Kd7 20. Nd5 Qg8 21. c3 Nc6 22. Be3 Qh7 23. Bxc5 Nxd5 24. cxd5 Nd8 25. Qa4+ Kc7 26. Bxa7 Rxa7 27. Qxa7 Qh2+ 28. Kf1 Qxg3 29. Rf3 Qg4 30. Qe3 Bh4 31. Rh3 g6 32. Qf3 Qg5 33. Kg1 Qd2 34. fxg6 fxg6 35. b4 g5 36. a4 Rh7 37. Rf1 Rf7 38. Qe3 Qc2 39. a5 Rf4 40. Rhf3 Kd7 41. Qd3 Qb2 42. Rxf4 exf4 43. e5 dxe5 44. Bh3+ Kc7 45. Qc4+ 1-0

[Event "Titled Tuesday intern op 25th Apr Late"]
[Site "Chess.com INT"]
[Date "2023.04.25"]
[Round "1"]
[White "Grabinsky, Aaron"]
[Black "Baches Garcia, Guillermo"]
[Result "1-0"]
[WhiteElo "2407"]
[BlackElo "2334"]
[PlyCount "57"]
[EventDate "2023.04.25"]
[EventType "swiss (blitz)"]
[EventRounds "11"]
[EventCountry "USA"]
[SourceTitle "EXT 2024"]
[Source "ChessBase"]
[SourceDate "2023.10.10"]
[SourceVersion "1"]
[SourceVersionDate "2023.10.10"]
[SourceQuality "1"]

1. e4 c5 2. Nf3 d6 3. Nc3 Nc6 4. Bb5 g6 5. Bxc6+ bxc6 6. d3 Bg7 7. 0-0 Nh6 8. h3 f6 9. Nh2 0-0 10. f4 e5 11. Be3 Nf7 12. Nf3 Rb8 13. Rb1 f5 14. Qd2 fxe4 15. Nxe4 Be6 16. b3 Qd7 17. fxe5 Nxe5 18. Nxe5 Bxe5 19. Bh6 Rxf1+ 20. Rxf1 Bf5 21. Qf2 Bd4 22. Qxd4 cxd4 23. Nf6+ Kh8 24. Nxd7 Bxd7 25. Rf7 Be6 26. Rxa7 Re8 27. a4 Bd5 28. Kf2 c5 29. Rd7 1-0

[Event "Titled Tuesday intern op 25th Apr Late"]
[Site "Chess.com INT"]
[Date "2023.04.25"]
[Round "3"]
[White "Grabinsky, Aaron"]
[Black "Larino Nieto, David"]
[Result "1-0"]
[WhiteElo "2407"]
[BlackElo "2375"]
[PlyCount "55"]
[EventDate "2023.04.25"]
[EventType "swiss (blitz)"]
[EventRounds "11"]
[EventCountry "USA"]
[SourceTitle "EXT 2024"]
[Source "ChessBase"]
[SourceDate "2023.10.10"]
[SourceVersion "1"]
[SourceVersionDate "2023.10.10"]
[SourceQuality "1"]

1. e4 d5 2. Nc3 dxe4 3. Nxe4 Nf6 4. d3 Nxe4 5. dxe4 Qxd1+ 6. Kxd1 e5 7. Be3 Be6 8. Nf3 f6 9. Nd2 Nd7 10. Bc4 Kf7 11. Ke2 Bc5 12. Rhd1 Rhd8 13. a4 a5 14. Bxe6+ Kxe6 15. Nb3 Bxe3 16. Kxe3 c5 17. Rd5 b6 18. Nd2 f5 19. Nc4 fxe4 20. Rad1 Rab8 21. Nxe5 Nxe5 22. Rxd8 Nc4+ 23. Kxe4 Rxd8 24. Rxd8 Nxb2 25. Rb8 Nxa4 26. c4 Kd6 27. Kd3 Kc6 28. Kc2 1-0

[Event "Titled Tuesday intern op 25th Apr Early"]
[Site "Chess.com INT"]
[Date "2023.04.25"]
[Round "2"]
[White "Koellner, Ruben Gideon"]
[Black "Grabinsky, Aaron"]
[Result "0-1"]
[WhiteElo "2421"]
[BlackElo "2407"]
[PlyCount "112"]
[EventDate "2023.04.25"]
[EventType "swiss (blitz)"]
[EventRounds "11"]
[EventCountry "USA"]
[SourceTitle "EXT 2024"]
[Source "ChessBase"]
[SourceDate "2023.10.10"]
[SourceVersion "1"]
[SourceVersionDate "2023.10.10"]
[SourceQuality "1"]

1. d4 e6 2. Nf3 Nf6 3. Nbd2 d5 4. e3 b6 5. Bd3 Bb7 6. Ne5 c5 7. c3 Bd6 8. f4 Nc6 9. Qf3 a6 10. 0-0 Ne7 11. g4 Qc7 12. g5 Nd7 13. Qh3 g6 14. Ndf3 Nf5 15. Bd2 Nb8 16. Ng4 Nd7 17. Nfe5 Be7 18. Nxd7 Qxd7 19. Ne5 Qc7 20. Rae1 Bd6 21. Ng4 0-0-0 22. Qf3 Kb8 23. a4 Ka7 24. Ra1 c4 25. Bxf5 exf5 26. Ne5 h6 27. h4 hxg5 28. hxg5 Bxe5 29. fxe5 Rh5 30. Kg2 Rdh8 31. Rh1 Rxg5+ 32. Kf2 Rgh5 33. Rxh5 Rxh5 34. Rh1 Rxh1 35. Qxh1 Bc6 36. Qh7 Qd7 37. a5 bxa5 38. Ke2 Ba4 39. Kf3 Bd1+ 40. Kf4 Kb6 41. Qg7 Qe7 42. Qh8 Kb5 43. Qb8+ Ka4 44. Qh8 Kb3 45. Qb8+ Kc2 46. Be1 a4 47. Qd6 Qe8 48. Qa3 Kd3 49. Bh4 Qh8 50. Bf6 Qh6+ 51. Kg3 Qxe3+ 52. Kh4 Qf4+ 53. Kh3 Bg4+ 54. Kg2 Qf3+ 55. Kg1 Qg3+ 56. Kf1 Be2# 0-1

[Event "Saint Louis Super Swiss"]
[Site "Saint Louis"]
[Date "2023.03.13"]
[Round "3"]
[White "Grabinsky, Aaron"]
[Black "Cervantes Landeiro, Thalia"]
[Result "1-0"]
[WhiteElo "2405"]
[BlackElo "2253"]
[PlyCount "85"]
[EventDate "2023.03.12"]
[EventType "swiss"]
[EventRounds "9"]
[EventCountry "USA"]
[SourceTitle "CBM 213 Extra"]
[Source "ChessBase"]
[SourceDate "2023.05.31"]
[SourceVersion "1"]
[SourceVersionDate "2023.05.31"]
[SourceQuality "1"]

1. e4 c5 2. Nf3 d6 3. Nc3 a6 4. d4 cxd4 5. Qxd4 Nc6 6. Qd3 Nf6 7. Nd5 e6 8. Nxf6+ Qxf6 9. c3 Be7 10. Be2 Qg6 11. 0-0 e5 12. Nd2 f5 13. Bf3 0-0 14. exf5 Bxf5 15. Bd5+ Kh8 16. Qg3 Qh5 17. Nc4 Rf6 18. Qg5 Qe2 19. Qe3 Qh5 20. Qg5 Qe8 21. Qg3 Rg6 22. Qf3 Bg4 23. Qd3 Rd8 24. f3 Bh3 25. f4 Bc8 26. Be3 b5 27. Nd2 exf4 28. Bxf4 Ne5 29. Qe2 Bg4 30. Qe3 Qd7 31. Be4 Rf6 32. h3 Bh5 33. Bd5 Bg6 34. Ne4 Rff8 35. Rad1 Qc7 36. Ng5 Bxg5 37. Bxg5 Rxf1+ 38. Rxf1 Re8 39. Kh1 Bd3 40. Rf7 Qc8 41. Rxg7 Kxg7 42. Bh6+ Kh8 43. Qg5 1-0

[Event "Saint Louis Super Swiss"]
[Site "Saint Louis"]
[Date "2023.03.12"]
[Round "2"]
[White "Antipov, Mikhail Al"]
[Black "Grabinsky, Aaron"]
[Result "1-0"]
[WhiteElo "2581"]
[BlackElo "2405"]
[PlyCount "119"]
[EventDate "2023.03.12"]
[EventType "swiss"]
[EventRounds "9"]
[EventCountry "USA"]
[SourceTitle "CBM 213 Extra"]
[Source "ChessBase"]
[SourceDate "2023.05.31"]
[SourceVersion "1"]
[SourceVersionDate "2023.05.31"]
[SourceQuality "1"]

1. e4 e5 2. Nf3 Nc6 3. Bc4 Bc5 4. d3 d6 5. c3 Nf6 6. Nbd2 a6 7. a4 Ba7 8. h3 h6 9. a5 Nh7 10. Nf1 Qf6 11. Ne3 Bxe3 12. Bxe3 Be6 13. Qb3 0-0-0 14. Bxe6+ Qxe6 15. Qxe6+ fxe6 16. Kd2 Nf6 17. Kc2 Rhf8 18. Nd2 Nh5 19. f3 Rf7 20. h4 Rh8 21. Bf2 g6 22. b4 Nf4 23. g3 Nh5 24. Kd1 Kd7 25. Ke2 Rg8 26. Nf1 d5 27. Rb1 d4 28. c4 Rgf8 29. Nd2 Ra8 30. Rb2 Kd6 31. Ra1 Ke7 32. Be1 Raf8 33. b5 Nb8 34. Nf1 Rc8 35. Nh2 Nf6 36. Bb4+ Kd7 37. Bd2 Rh7 38. f4 Nh5 39. Ng4 exf4 40. Ne5+ Kd6 41. gxf4 axb5 42. cxb5 c5 43. a6 bxa6 44. bxa6 Ra7 45. Rb6+ Nc6 46. Rg1 Rg7 47. Nc4+ Kd7 48. Ra1 Rc7 49. Ne5+ Nxe5 50. fxe5 Rg8 51. Rd6+ Ke7 52. Bxh6 Ra8 53. Kd2 Rca7 54. Kc2 Kf7 55. Kb3 Rb8+ 56. Kc4 Rc7 57. Bd2 Ng3 58. Ba5 Rcc8 59. Bb6 Ne2 60. a7 1-0

[Event "Titled Tuesday intern op 31st Jan Late"]
[Site "Chess.com INT"]
[Date "2023.01.31"]
[Round "2"]
[White "Grabinsky, Aaron"]
[Black "Ehlvest, Jaan"]
[Result "1-0"]
[WhiteElo "2417"]
[BlackElo "2530"]
[PlyCount "59"]
[EventDate "2023.01.31"]
[EventType "swiss (blitz)"]
[EventRounds "11"]
[EventCountry "USA"]
[SourceTitle "CBM 212 Extra"]
[Source "ChessBase"]
[SourceDate "2023.03.31"]
[SourceVersion "1"]
[SourceVersionDate "2023.03.31"]
[SourceQuality "1"]

1. e4 c5 2. Nf3 Nc6 3. Bb5 e6 4. Bxc6 bxc6 5. 0-0 Ne7 6. Re1 Ng6 7. c3 Be7 8. d4 cxd4 9. cxd4 d5 10. Nc3 0-0 11. Be3 a5 12. Rc1 Bd7 13. e5 f6 14. exf6 gxf6 15. Na4 Bd6 16. Bh6 Re8 17. h4 Kh8 18. h5 Ne7 19. Qd2 Nf5 20. Bf4 Bb4 21. Nc3 Rg8 22. a3 Bf8 23. Ne2 Qe8 24. h6 Qg6 25. Ng3 a4 26. Ne5 fxe5 27. Bxe5+ Ng7 28. Qf4 Re8 29. Rc3 Re7 30. Rf3 1-0

[Event "Titled Tuesday intern op 31st Jan Early"]
[Site "Chess.com INT"]
[Date "2023.01.31"]
[Round "3"]
[White "Grabinsky, Aaron"]
[Black "Md Imran"]
[Result "1-0"]
[WhiteElo "2417"]
[BlackElo "2303"]
[PlyCount "105"]
[EventDate "2023.01.31"]
[EventType "swiss (blitz)"]
[EventRounds "11"]
[EventCountry "USA"]
[SourceTitle "CBM 212 Extra"]
[Source "ChessBase"]
[SourceDate "2023.03.31"]
[SourceVersion "1"]
[SourceVersionDate "2023.03.31"]
[SourceQuality "1"]

1. e4 c5 2. Nf3 d6 3. d4 cxd4 4. Nxd4 Nf6 5. f3 g5 6. Bxg5 Bg7 7. Nc3 Nc6 8. Be3 Bd7 9. Bc4 Rc8 10. Bb3 Qa5 11. Qd2 a6 12. 0-0 Ne5 13. Bh6 Rg8 14. Bxg7 Rxg7 15. Kh1 Nc4 16. Bxc4 Rxc4 17. Rad1 b5 18. Nd5 Qxd2 19. Nxf6+ exf6 20. Rxd2 Rg5 21. Rfd1 Ke7 22. Kg1 h5 23. h4 Rgc5 24. Kf2 b4 25. Ke3 a5 26. Rg1 f5 27. exf5 Bxf5 28. Nxf5+ Rxf5 29. Rgd1 Rxh4 30. Rxd6 Re5+ 31. Kf2 Rc4 32. Rd7+ Kf6 33. R7d6+ Kg7 34. R6d2 a4 35. Kg3 h4+ 36. Kh3 Rec5 37. Rd4 Rxc2 38. Rxb4 Rg5 39. Rg1 a3 40. bxa3 Rxa2 41. a4 Rd2 42. Rxh4 Ra2 43. Rf4 Rh5+ 44. Kg3 Ra5 45. Rg4+ Kf8 46. Rb1 R2xa4 47. Rb8+ Ke7 48. Rb7+ Ke6 49. Rg7 Re5 50. Rbxf7 Kd6 51. Rf6+ Kd5 52. Rfg6 Kd4 53. Rg4+ 1-0

[Event "Titled Tuesday intern op 31st Jan Late"]
[Site "Chess.com INT"]
[Date "2023.01.31"]
[Round "3"]
[White "Grabinsky, Aaron"]
[Black "Yu, Yangyi"]
[Result "0-1"]
[WhiteElo "2417"]
[BlackElo "2729"]
[PlyCount "138"]
[EventDate "2023.01.31"]
[EventType "swiss (blitz)"]
[EventRounds "11"]
[EventCountry "USA"]
[SourceTitle "CBM 212 Extra"]
[Source "ChessBase"]
[SourceDate "2023.03.31"]
[SourceVersion "1"]
[SourceVersionDate "2023.03.31"]
[SourceQuality "1"]

1. e4 c5 2. Nf3 Nc6 3. Bb5 e6 4. Bxc6 bxc6 5. 0-0 Qc7 6. Re1 Ne7 7. c3 Ng6 8. d4 d5 9. Nbd2 cxd4 10. Nxd4 Be7 11. c4 e5 12. Nf5 0-0 13. Nxe7+ Qxe7 14. cxd5 cxd5 15. exd5 Bb7 16. Nc4 Rfd8 17. d6 Qe6 18. b3 Bd5 19. Qe2 Bxc4 20. Qxc4 Qxc4 21. bxc4 Rxd6 22. Be3 Rc6 23. Rec1 Ne7 24. f3 Nf5 25. Bf2 h5 26. a4 a6 27. Rab1 Rac8 28. c5 f6 29. Rd1 Nd4 30. Bxd4 exd4 31. Rxd4 Rxc5 32. Rb7 Rc1+ 33. Kf2 R8c2+ 34. Ke3 Re1+ 35. Kf4 Rxg2 36. Rd6 Rxh2 37. Rxa6 Rg2 38. Ra5 h4 39. Rh5 Re8 40. a5 Ra8 41. Ke3 Re8+ 42. Kd3 Rg3 43. Rxh4 Rxf3+ 44. Kc4 Ra3 45. Kb4 Ra1 46. Rb6 Ra8 47. Rh5 Rb1+ 48. Kc4 Rxa5 49. Rxb1 Rxh5 50. Rb8+ Kh7 51. Kd4 Rh4+ 52. Kd3 Rh5 53. Ke3 Kg6 54. Kf3 Re5 55. Kg4 Rg5+ 56. Kf4 Rf5+ 57. Kg4 Rh5 58. Rb6 Rg5+ 59. Kf4 Re5 60. Kg4 Kh6 61. Rb8 Re4+ 62. Kf5 Re5+ 63. Kg4 Ra5 64. Rb6 Kg6 65. Rc6 Ra4+ 66. Kg3 Kg5 67. Rc7 g6 68. Kf3 Ra3+ 69. Rc3 Rxc3+ 0-1

[Event "Titled Tuesday intern op 31st Jan Early"]
[Site "Chess.com INT"]
[Date "2023.01.31"]
[Round "6"]
[White "Vokhidov, Shamsiddin"]
[Black "Grabinsky, Aaron"]
[Result "1-0"]
[WhiteElo "2589"]
[BlackElo "2417"]
[PlyCount "71"]
[EventDate "2023.01.31"]
[EventType "swiss (blitz)"]
[EventRounds "11"]
[EventCountry "USA"]
[SourceTitle "CBM 212 Extra"]
[Source "ChessBase"]
[SourceDate "2023.03.31"]
[SourceVersion "1"]
[SourceVersionDate "2023.03.31"]
[SourceQuality "1"]

1. e4 e6 2. d4 d5 3. Nc3 Nc6 4. Nf3 Nf6 5. Bg5 Be7 6. e5 Ne4 7. Bxe7 Qxe7 8. Bb5 Qb4 9. 0-0 Nxc3 10. Bxc6+ bxc6 11. Qd2 Ba6 12. bxc3 Qa5 13. Rfe1 Rb8 14. h4 h6 15. Re3 Rb2 16. Ne1 Rxa2 17. Rb1 Bb5 18. Rg3 Rg8 19. Nd3 Ra1 20. Rxa1 Qxa1+ 21. Kh2 Bxd3 22. Qxd3 Qe1 23. Rf3 Qe4 24. Qa6 Qxh4+ 25. Kg1 Qe7 26. Qxc6+ Kf8 27. c4 g6 28. cxd5 Kg7 29. dxe6 Qxe6 30. Qxc7 Rf8 31. c4 a5 32. d5 Qa6 33. e6 a4 34. Rxf7+ Rxf7 35. Qxf7+ Kh8 36. e7 1-0

[Event "Charlotte op"]
[Site "Charlotte"]
[Date "2023.01.15"]
[Round "4"]
[White "Bortnyk, Olexandr"]
[Black "Grabinsky, Aaron"]
[Result "1-0"]
[WhiteElo "2604"]
[BlackElo "2417"]
[PlyCount "53"]
[EventDate "2023.01.14"]
[EventType "swiss"]
[EventRounds "6"]
[EventCountry "USA"]
[SourceTitle "CBM 212 Extra"]
[Source "ChessBase"]
[SourceDate "2023.03.31"]
[SourceVersion "1"]
[SourceVersionDate "2023.03.31"]
[SourceQuality "1"]

1. e4 e5 2. Nf3 Nc6 3. Bb5 a6 4. Ba4 Nf6 5. Nc3 b5 6. Bb3 Be7 7. d4 exd4 8. Nd5 0-0 9. e5 Nxd5 10. Bxd5 Bb4+ 11. Bd2 Qe7 12. 0-0 Bxd2 13. Qxd2 Bb7 14. Rfe1 Qc5 15. Be4 h6 16. Qf4 d5 17. exd6 cxd6 18. b4 Qxb4 19. Qf5 g6 20. Qf6 Qc4 21. Bxg6 Ne5 22. Bf5 Bc8 23. Nh4 Ng4 24. Bxg4 Bxg4 25. Re4 h5 26. Rxg4+ hxg4 27. Nf5 1-0

[Event "Titled Tuesday intern op 03rd Jan Early"]
[Site "Chess.com INT"]
[Date "2023.01.03"]
[Round "8"]
[White "Atakhan, Abtin"]
[Black "Grabinsky, Aaron"]
[Result "1-0"]
[WhiteElo "2370"]
[BlackElo "2417"]
[PlyCount "67"]
[EventDate "2023.01.03"]
[EventType "swiss (blitz)"]
[EventRounds "11"]
[EventCountry "USA"]
[SourceTitle "EXT 2024"]
[Source "ChessBase"]
[SourceDate "2023.10.10"]
[SourceVersion "1"]
[SourceVersionDate "2023.10.10"]
[SourceQuality "1"]

1. Nf3 Nf6 2. c4 c5 3. g3 b6 4. Bg2 Bb7 5. 0-0 e6 6. b3 Be7 7. Bb2 0-0 8. Nc3 d6 9. e3 Nbd7 10. Qe2 a6 11. Rad1 Qc7 12. Ne1 Rfe8 13. d3 Bc6 14. f4 b5 15. g4 Nf8 16. g5 N6d7 17. h4 f5 18. h5 b4 19. Nb1 a5 20. Nd2 a4 21. h6 g6 22. d4 Bxg2 23. Qxg2 axb3 24. axb3 Ra2 25. Nd3 Rea8 26. d5 Qb7 27. e4 Nb6 28. Rde1 R8a7 29. dxe6 fxe4 30. Nxe4 Nxe6 31. f5 Nxg5 32. f6 Rxb2 33. Qxb2 Bf8 34. Nxg5 1-0

[Event "Titled Tuesday intern op 03rd Jan Early"]
[Site "Chess.com INT"]
[Date "2023.01.03"]
[Round "1"]
[White "Blanco Acevedo, Cristobal Jose"]
[Black "Grabinsky, Aaron"]
[Result "1-0"]
[WhiteElo "2325"]
[BlackElo "2417"]
[PlyCount "83"]
[EventDate "2023.01.03"]
[EventType "swiss (blitz)"]
[EventRounds "11"]
[EventCountry "USA"]
[SourceTitle "EXT 2024"]
[Source "ChessBase"]
[SourceDate "2023.10.10"]
[SourceVersion "1"]
[SourceVersionDate "2023.10.10"]
[SourceQuality "1"]

1. e4 e6 2. d4 d5 3. Nc3 Nc6 4. exd5 exd5 5. a3 Bd6 6. Be3 Nge7 7. Bd3 a6 8. Nge2 Bg4 9. Qd2 Qd7 10. h3 Bf5 11. Bf4 Bxd3 12. Qxd3 0-0 13. Bxd6 Qxd6 14. 0-0 Nd8 15. Rae1 Ne6 16. f4 g6 17. Nd1 Rfe8 18. Ne3 f5 19. c4 c6 20. c5 Qc7 21. g4 Rf8 22. g5 h6 23. h4 hxg5 24. hxg5 Kf7 25. Ng2 Rh8 26. Rf3 Rh5 27. Re3 Re8 28. Rxe6 Kxe6 29. Ng3+ Kd7 30. Nxh5 gxh5 31. Qe3 Kd8 32. Nh4 Qd7 33. Qe6 Rf8 34. Qxd7+ Kxd7 35. Rxe7+ Kxe7 36. Ng6+ Kf7 37. Nxf8 Kxf8 38. b4 Kg7 39. Kg2 Kf7 40. Kg3 Kg7 41. Kh4 Kg6 42. a4 1-0

[Event "Titled Tuesday intern op 27th Dec Early"]
[Site "Chess.com INT"]
[Date "2022.12.27"]
[Round "10"]
[White "Martinez Alcantara, Jose Eduardo"]
[Black "Grabinsky, Aaron"]
[Result "1-0"]
[WhiteElo "2597"]
[BlackElo "2420"]
[PlyCount "93"]
[EventDate "2022.12.27"]
[EventType "swiss (blitz)"]
[EventRounds "11"]
[EventCountry "USA"]
[SourceTitle "EXT 2024"]
[Source "ChessBase"]
[SourceDate "2023.10.10"]
[SourceVersion "1"]
[SourceVersionDate "2023.10.10"]
[SourceQuality "1"]

1. e4 e6 2. d4 d5 3. exd5 exd5 4. Nf3 Bd6 5. Bd3 Ne7 6. Nc3 a6 7. 0-0 Nbc6 8. Re1 0-0 9. h3 Nb4 10. Ne5 Nxd3 11. cxd3 Bf5 12. Qf3 c6 13. Bf4 Re8 14. Bg3 f6 15. Ng4 Bg6 16. Bh4 Rf8 17. Ne3 Qd7 18. Bg3 Rae8 19. Rad1 Bxg3 20. Qxg3 Nf5 21. Nxf5 Bxf5 22. Na4 Rxe1+ 23. Rxe1 Re8 24. Rxe8+ Qxe8 25. Nc5 Qc8 26. Qd6 b6 27. Na4 Bxd3 28. Nxb6 Qe8 29. Kh2 h6 30. Nd7 Bf5 31. Nc5 a5 32. Qf4 Bg6 33. Qd2 Kh7 34. Kg1 Qd8 35. Nb7 Qb6 36. Nxa5 c5 37. dxc5 Qxc5 38. b4 Qb5 39. Nb3 Be4 40. Nd4 Qa4 41. b5 Qa3 42. b6 Qa6 43. Qb2 Qb7 44. Qb3 Qc8 45. b7 Qb8 46. Nc6 Qg3 47. Qxg3 1-0